000 00440nam a2200133 4500
999 _c9313
_d9313
008 180430b ||||| |||| 00| 0 eng d
082 _aDPer 050 Dec 2015-Mar 2016 T48 v186-187
100 _941445
_aGates, Melinda.
245 _aWhy poverty is sexist/
_cMelinda Gates.
260 _aNew York:
_bTime Inc.,
_c©Dec 2015-Mar 2016.
300 _av187 n11, page 19:
_billustrations;
_c27 cm.
650 0 _927700
_aPoverty.
942 _2ddc
_cPER